Over/Under: Holiday Quiz Stats

 Plays Quiz Updated Aug 30, 2017

Score 0/24 Timer 03:00
1 Play Today
Question and Number (O)ver or (U)nder % Correct
Reindeer names beginning with 'D': 2???
82.6%
Chinese New Year animals: 18???
76.4%
Weeks between Mother's Day and Father's Day (US): 3???
74.6%
Maids-a-milking: 10???
72.4%
Days of Hanukkah: 12???
72.4%
Presidents that died on July 4th: 4???
71.3%
# of annual U.S. X-mas tree sales in millions: 20???
71.1%
First year Kwanzaa was celebrated: 1953???
69.6%
% of X-mas flower sales that are Poinsettias: 60???
66.4%
Sundays that fall during Lent: 4???
66.2%
Simpsons 'Treehouse of Horror' episodes: 20???
66.2%
Extra days of winter for groundhog shadow: 48???
66.1%
Question and Number (O)ver or (U)nder % Correct
Trees planted on 1st Arbor Day: 150???
65.3%
Day of March on which St. Patrick died: 15???
65.3%
Year of Dick Clark's 1st New Year's special: 1959???
61.7%
Year of first Thanksgiving at Plymouth: 1688???
61.1%
'Christmas Song' kids from one to: 83???
61%
Year when MLK Jr. Day became a federal holiday: 1990???
60.4%
Days of Ramadan: 14???
59.7%
Crewmen on Columbus' 1492 voyage: 163???
57.9%
U.S. Presidents with February birthdays: 6???
50.2%
Year St. Valentine died: 1076???
48.2%
Days from Rosh Hashanah to Yom Kippur: 30???
46.3%
Century of 1st Mardi Gras in North America: 18th???
43.6%

You're not logged in!

Compare scores with friends on all Sporcle quizzes.
OR
Log In

Show Comments

Extras

Top Quizzes Today


Score Distribution

Your Account Isn't Verified!

In order to create a playlist on Sporcle, you need to verify the email address you used during registration. Go to your Sporcle Settings to finish the process.

Report this User

Report this user for behavior that violates our Community Guidelines.

Details: